Т. 67, № 11; Ядерная физика

Dettagli Bibliografici
Parent link:Ядерная физика/ Российская академия наук. Т. 67, № 11.— , 1965-.— 0044-0027
Lingua:russo
Pubblicazione: 2004
Natura: MixedMaterials Libro
KOHA link:https://koha.lib.tpu.ru/cgi-bin/koha/opac-detail.pl?biblionumber=420535

MARC

LEADER 00000nam2a2200000 4500
001 420535
005 20231101073404.0
035 |a (RuTPU)RU\TPU\prd\78131 
035 |a RU\TPU\prd\30820 
090 |a 420535 
100 |a 20100318a19659999k y0rusy50 ca 
101 0 |a rus 
102 |a RU 
200 0 |a Т. 67, № 11 
210 |d 2004 
461 1 |0 (RuTPU)RU\TPU\prd\397  |x 0044-0027  |t Ядерная физика  |f Российская академия наук  |v Т. 67, № 11  |d 1965- 
801 0 |a RU  |b 63413507  |c 20010227  |g PSBO 
801 1 |a RU  |b 63413507  |c 20041207  |g PSBO 
801 2 |a RU  |b 63413507  |c 20110310  |g RCR 
942 |c BK 
999 |a НТБ_ТПУ  |b НФ  |e -8/20100113  |p П-7300  |s 3/20040412  |u 0,00  |v 1